000 00948nam a2200265Ia 4500
003 GCL
008 140319s9999 xx 000 0 ara d
040 _aGCL /
_cGCL
082 0 4 _a364.138
_bأ ل
100 1 _aامير سالم
245 1 0 _aلمن يهمه الامر0000 من يحاكمه القتلة ؟ مجرمى الحرب الاسرائيليين /
_cامير سالم
250 _aالاولى
260 _aالقاهرة :
_bمركز الدراسات والمعلومات القانونية ،
_c1995
300 _a255 ص ؛
_c20سم
650 0 4 _aالاغتيال
650 0 4 _aالنزاع العربى الاسرائيلى
650 0 4 _aالقانون الدولى
650 0 4 _aالجرائم السياسية
650 0 4 _aالمذابح
650 0 4 _aجرائم الحرب
650 0 4 _aالعدوان
650 0 4 _aجرائم ضد الانسانية
650 0 4 _aجرائم ضد السلام
942 _2ddc
_cBK
999 _c6131
_d6131